[Event "Junior Online 4NCL Division 3"]
[Site "online"]
[Date "2021.03.04"]
[EventDate "2021.03.04"]
[Round "4.82"]
[White "Turner, Jamie"]
[WhiteElo "1562"]
[WhiteTeam "MCS Tenners A"]
[Black "Groot Wassink, Leon"]
[BlackElo "1514"]
[BlackTeam "JHJ Shark Tank 2"]
[Result "0-1"]
[PlyCount "114"]

1. d4 Nf6 2. c4 e6 3. Nc3 Bb4 4. Bg5 c5 5. d5 Qa5 6. Qc2 Ne4 7. Bd2 Nxc3 8. Bxc3 Bxc3+ 9. Qxc3 Qxc3+ 10. bxc3 exd5 11. cxd5 b6 12. c4 O-O 13. e4 d6 14. h3 f5 15. Bd3 fxe4 16. Bxe4 Re8 17. f3 Bf5 18. Kd2 Bxe4 19. fxe4 Rxe4 20. Kd3 Rd4+ 21. Kc3 Na6 22. Nf3 Re4 23. Rhe1 Rae8 24. Rxe4 Rxe4 25. Rb1 Nb4 26. a3 Re3+ 27. Kb2 Re2+ 28. Kc1 Na2+ 29. Kd1 Nc3+ 30. Kc1 Nxb1 31. Kxb1 Rxg2 32. Kc1 Rg3 33. Nh4 Rxh3 34. Nf5 Rxa3 35. Nxd6 Kf8 36. Kb2 Re3 37. Nc8 Re4 38. Kc3 Re3+ 39. Kd2 Ra3 40. Kc2 Ke8 41. Kb2 Ra4 42. Kb3 Rb4+ 43. Kc3 a5 44. Nd6+ Kd7 45. Nb5 h5 46. Na3 h4 47. Nc2 h3 48. Nxb4 axb4+ 49. Kb3 h2 50. Ka4 h1=Q 51. Kb5 Kc7 52. d6+ Kxd6 53. Kxb6 Qc6+ 54. Ka5 Qa8+ 55. Kb6 b3 56. Kb5 b2 57. Kb6 b1=Q# 0-1

[Event "Junior Online 4NCL Division 3"]
[Site "online"]
[Date "2021.03.04"]
[EventDate "2021.03.04"]
[Round "4.83"]
[White "Royle, Alex"]
[WhiteElo "1479"]
[WhiteTeam "JHJ Shark Tank 2"]
[Black "Kedikoglou, Elias"]
[BlackElo "1165"]
[BlackTeam "MCS Tenners A"]
[Result "1-0"]
[PlyCount "73"]

1. e4 e5 2. Nf3 Nc6 3. Bb5 d6 4. d4 exd4 5. Nxd4 Bd7 6. Nxc6 Bxc6 7. Bxc6+ bxc6 8. O-O Nf6 9. Bg5 Be7 10. Nc3 d5 11. exd5 cxd5 12. Bxf6 Bxf6 13. Re1+ Kf8 14. Nxd5 Bxb2 15. Rb1 Bf6 16. Rb7 c6 17. Nxf6 Qxd1 18. Rxd1 gxf6 19. Rdd7 a5 20. Rxf7+ Ke8 21. Rxf6 c5 22. Rfb6 Rd8 23. Rb8 Ke7 24. Rxd8 Rxd8 25. g4 Rd2 26. Rb5 Rxc2 27. Rxa5 Kd6 28. h4 c4 29. Ra8 c3 30. Rc8 Rc1+ 31. Kg2 c2 32. a4 Kd5 33. a5 Kd4 34. a6 Kd3 35. a7 Rd1 36. Rxc2 Kxc2 37. a8=Q 1-0

[Event "Junior Online 4NCL Division 3"]
[Site "online"]
[Date "2021.03.04"]
[EventDate "2021.03.04"]
[Round "4.84"]
[White "Yao, Rian"]
[WhiteElo "1060"]
[WhiteTeam "MCS Tenners A"]
[Black "Tang, Brian"]
[BlackElo "1464"]
[BlackTeam "JHJ Shark Tank 2"]
[Result "0-1"]
[PlyCount "112"]

1. e4 e5 2. Nf3 Nc6 3. Bc4 Nf6 4. Ng5 d5 5. exd5 b5 6. Bxb5 Qxd5 7. Bxc6+ Qxc6 8. Nc3 Qxg2 9. Rf1 Qxg5 10. Nb5 Bd6 11. d4 Qg4 12. f3 Qh4+ 13. Rf2 O-O 14. Qe2 Re8 15. Be3 exd4 16. Nxd4 Bc5 17. c3 Nd5 18. O-O-O Rxe3 19. Qd2 Be6 20. Re2 Rxe2 21. Qxe2 Qf4+ 22. Qd2 Qxd2+ 23. Rxd2 Bxd4 24. Rxd4 c5 25. Rc4 Nb4 26. Rxc5 Nd3+ 27. Kc2 Nxc5 28. b4 Nd7 29. a4 a5 30. Kb2 axb4 31. cxb4 Rxa4 32. Kc3 Ra2 33. h4 Rf2 34. b5 Rxf3+ 35. Kb4 Rf4+ 36. Ka5 Rxh4 37. b6 Nxb6 38. Kxb6 Rd4 39. Kc5 Rd8 40. Kc6 Kf8 41. Kc7 Ke8 42. Kc6 f5 43. Kc7 f4 44. Kc6 f3 45. Kc7 f2 46. Kc6 f1=Q 47. Kc7 Ba2 48. Kc6 Qf7 49. Kb6 Rd7 50. Kc6 Re7 51. Kd6 Re6+ 52. Kc5 Qf5+ 53. Kd4 Re4+ 54. Kd3 Qf3+ 55. Kd2 Re2+ 56. Kd1 Qf1# 0-1

[Event "Junior Online 4NCL Division 3"]
[Site "online"]
[Date "2021.03.04"]
[EventDate "2021.03.04"]
[Round "4.85"]
[White "Shen, Alex"]
[WhiteElo "1574"]
[WhiteTeam "MCS Tenners A"]
[Black "Aserkoff, Daniel"]
[BlackElo "1534"]
[BlackTeam "JHJ Shark Tank 2"]
[Result "1-0"]
[PlyCount "103"]

1. e4 e5 2. Nf3 Nc6 3. Bb5 d6 4. O-O Nf6 5. Re1 Be7 6. d4 exd4 7. Nxd4 Bd7 8. Nxc6 Bxc6 9. Bd3 O-O 10. c4 Re8 11. Nc3 Bf8 12. Bg5 g6 13. Rc1 Bg7 14. h3 h6 15. Bh4 Qd7 16. Bg3 Rad8 17. b4 b6 18. Qb3 Bb7 19. Rcd1 Re7 20. c5 dxc5 21. bxc5 Qc6 22. cxb6 cxb6 23. Bb5 Qc8 24. Rxd8+ Qxd8 25. Rd1 Qc8 26. e5 Nh5 27. Bh2 Qe6 28. Bc4 Qc6 29. Bd5 Qc8 30. Bc4 Rc7 31. Rd4 Rd7 32. Rg4 Qc5 33. Rxg6 Kh7 34. Rd6 Rxd6 35. exd6 Bxc3 36. Qxc3 Qc6 37. Bd3+ Kg8 38. Qxc6 Bxc6 39. Bf5 Nf6 40. Be5 Nd7 41. Bf4 Kg7 42. f3 b5 43. Kf2 a5 44. Bd2 b4 45. Kg3 Kf6 46. Kf4 h5 47. Bd3 Ne5 48. Ba6 Nc4 49. Bxc4 Kg6 50. Ba6 f6 51. Bc8 Be8 52. d7 1-0

[Event "Junior Online 4NCL Division 3"]
[Site "online"]
[Date "2021.03.04"]
[EventDate "2021.03.04"]
[Round "4.86"]
[White "Groot Wassink, Leon"]
[WhiteElo "1514"]
[WhiteTeam "JHJ Shark Tank 2"]
[Black "Turner, Jamie"]
[BlackElo "1562"]
[BlackTeam "MCS Tenners A"]
[Result "1-0"]
[PlyCount "103"]

1. e4 c5 2. Nc3 d6 3. Nf3 a6 4. d4 cxd4 5. Nxd4 Nf6 6. Be3 e6 7. f3 Be7 8. Bc4 b5 9. Bd3 Bb7 10. Qd2 Nc6 11. O-O Nxd4 12. Bxd4 d5 13. exd5 Nxd5 14. Bxg7 Rg8 15. Nxd5 Bc5+ 16. Kh1 Rxg7 17. Qc3 Rg5 18. Nf6+ Ke7 19. Nxh7 Bd4 20. Qa3+ Bc5 21. Qb3 Qd5 22. Nxg5 Qxg5 23. c4 Qf4 24. Be4 Bxe4 25. fxe4 Qxe4 26. cxb5 Rb8 27. Qc3 Qd4 28. Qxd4 Bxd4 29. Rab1 axb5 30. Rf4 e5 31. Re4 f5 32. Re2 e4 33. Rd1 Bc5 34. Rd5 Bd6 35. Rxf5 Rc8 36. Rxe4+ Kd7 37. Rf7+ Kd8 38. Re1 Rc2 39. Rb1 Be5 40. Rf5 Bxb2 41. Rxb5 Bd4 42. Rd5+ Ke7 43. Rxd4 Rxa2 44. h4 Ke6 45. Rg4 Kf5 46. Rbb4 Ra1+ 47. Kh2 Ra5 48. Rg5+ Kf6 49. Rxa5 Kg6 50. Rb6+ Kf7 51. Ra7+ Ke8 52. Rb8# 1-0

[Event "Junior Online 4NCL Division 3"]
[Site "online"]
[Date "2021.03.04"]
[EventDate "2021.03.04"]
[Round "4.87"]
[White "Kedikoglou, Elias"]
[WhiteElo "1165"]
[WhiteTeam "MCS Tenners A"]
[Black "Royle, Alex"]
[BlackElo "1479"]
[BlackTeam "JHJ Shark Tank 2"]
[Result "0-1"]
[PlyCount "46"]

1. e4 c5 2. Nf3 d6 3. d4 cxd4 4. Nxd4 Nf6 5. Bg5 Nxe4 6. Be3 Nf6 7. Bb5+ Bd7 8. Bxd7+ Qxd7 9. O-O g6 10. Bg5 Bg7 11. Qf3 O-O 12. Nc3 Nc6 13. Nxc6 bxc6 14. Rae1 Rfe8 15. Ne4 Nxe4 16. Qxe4 Bxb2 17. c4 Bg7 18. Rd1 Qf5 19. Qxf5 gxf5 20. Rfe1 f6 21. Bf4 Rab8 22. a4 Kf7 23. h4 Rb4 0-1

[Event "Junior Online 4NCL Division 3"]
[Site "online"]
[Date "2021.03.04"]
[EventDate "2021.03.04"]
[Round "4.88"]
[White "Tang, Brian"]
[WhiteElo "1464"]
[WhiteTeam "JHJ Shark Tank 2"]
[Black "Yao, Rian"]
[BlackElo "1060"]
[BlackTeam "MCS Tenners A"]
[Result "1-0"]
[PlyCount "63"]

1. e4 e5 2. Nf3 Nc6 3. d4 exd4 4. Nxd4 Nxd4 5. Qxd4 Nf6 6. Nc3 Bd6 7. e5 Bxe5 8. Qxe5+ Qe7 9. Qxe7+ Kxe7 10. Bc4 Re8 11. O-O Kf8 12. Bg5 Ng4 13. Rfe1 Rxe1+ 14. Rxe1 h6 15. Bf4 c6 16. Bd6+ Kg8 17. a4 Nf6 18. Ne4 Nxe4 19. Rxe4 Kh7 20. Re8 Kg6 21. Kf1 f6 22. Ke2 a6 23. a5 f5 24. Kf3 h5 25. h3 Kf6 26. Rf8+ Kg6 27. Kf4 Kh6 28. Kxf5 g6+ 29. Kf6 Kh7 30. Rf7+ Kh6 31. Bf4+ g5 32. Bxg5# 1-0

[Event "Junior Online 4NCL Division 3"]
[Site "online"]
[Date "2021.03.04"]
[EventDate "2021.03.04"]
[Round "4.91"]
[White "Bagga, Khushi"]
[WhiteElo "1189"]
[WhiteTeam "St John's College C"]
[Black "Patel, Ishaan"]
[BlackElo "1467"]
[BlackTeam "The Hall 1"]
[Result "0-1"]
[PlyCount "154"]

1. e4 e5 2. Nf3 Nc6 3. Nc3 Bc5 4. Nxe5 Nxe5 5. d4 Bd6 6. dxe5 Bxe5 7. f4 Bxc3+ 8. bxc3 d6 9. Bc4 Nf6 10. O-O h5 11. h3 Be6 12. Bxe6 fxe6 13. Bd2 Qe7 14. e5 dxe5 15. fxe5 Nd7 16. Bf4 g5 17. Be3 O-O-O 18. Rb1 b6 19. Qe2 Nxe5 20. Bxb6 axb6 21. Qxe5 Qc5+ 22. Qxc5 bxc5 23. Rbd1 Rhf8 24. Rxf8 Rxf8 25. Kh2 Rf2 26. Rc1 Kd7 27. Kg3 Rf5 28. Rb1 Kc6 29. Rb2 c4 30. Rb4 Rc5 31. h4 g4 32. Kf4 Kd5 33. g3 c6 34. Ra4 Rb5 35. Ra8 Rb2 36. Ra5+ c5 37. Ra8 Rxc2 38. a4 Rxc3 39. a5 Ra3 40. a6 Kc6 41. a7 Kb7 42. Re8 Kxa7 43. Rxe6 c3 44. Re2 Rb3 45. Rc2 c4 46. Kg5 Rb5+ 47. Kh6 Kb6 48. Rxc3 Kc5 49. Rc2 Kd4 50. Kg6 c3 51. Kh6 Kd3 52. Rc1 c2 53. Kg6 Kd2 54. Rxc2+ Kxc2 55. Kh6 Kd3 56. Kg6 Ke3 57. Kh6 Kf3 58. Kg6 Kxg3 59. Kf6 Kxh4 60. Ke6 g3 61. Kd6 g2 62. Kc6 Rb6+ 63. Kxb6 g1=Q+ 64. Kc6 Qd4 65. Kb5 Qc3 66. Kb6 Qc4 67. Kb7 Qc5 68. Ka6 Qb4 69. Ka7 Kg5 70. Ka6 Kf6 71. Ka7 Qb5 72. Ka8 h4 73. Ka7 h3 74. Ka8 h2 75. Ka7 Ke6 76. Ka8 h1=Q+ 77. Ka7 Qbb7# 0-1

[Event "Junior Online 4NCL Division 3"]
[Site "online"]
[Date "2021.03.04"]
[EventDate "2021.03.04"]
[Round "4.92"]
[White "Smolders, Thomas"]
[WhiteElo "1330"]
[WhiteTeam "The Hall 1"]
[Black "Pandit, Aaryan"]
[BlackElo "1255"]
[BlackTeam "St John's College C"]
[Result "1-0"]
[PlyCount "55"]

1. e4 e5 2. Nf3 Nc6 3. d4 exd4 4. Nxd4 Bc5 5. Be3 Qf6 6. c3 Nge7 7. Nb5 O-O 8. Bxc5 a6 9. Nxc7 Rb8 10. Bd3 Qe5 11. Bb6 d6 12. O-O Qg5 13. Kh1 f5 14. exf5 Nxf5 15. Bxf5 Qxf5 16. Nd2 Qb5 17. Be3 Rf7 18. Nxb5 axb5 19. Nf3 Be6 20. Qxd6 Rf6 21. Qd2 Rd8 22. Qc1 Bg4 23. Bg5 Bxf3 24. Bxf6 gxf6 25. gxf3 Rd6 26. Rg1+ Kh8 27. Qh6 Rd7 28. Qf8# 1-0

[Event "Junior Online 4NCL Division 3"]
[Site "online"]
[Date "2021.03.04"]
[EventDate "2021.03.04"]
[Round "4.93"]
[White "Kulkarni, Arnav"]
[WhiteElo "1033"]
[WhiteTeam "St John's College C"]
[Black "Moser, Benjamin"]
[BlackElo "1370"]
[BlackTeam "The Hall 1"]
[Result "1-0"]
[PlyCount "41"]

1. e4 e5 2. Nf3 Nc6 3. Bc4 Bc5 4. c3 Nf6 5. d4 exd4 6. cxd4 Bb4+ 7. Nc3 Nxe4 8. O-O Bxc3 9. bxc3 O-O 10. d5 Na5 11. Bd3 Nf6 12. Bg5 b6 13. Re1 Re8 14. Bxf6 Rxe1+ 15. Qxe1 gxf6 16. Qe4 d6 17. Qxh7+ Kf8 18. Qh8+ Ke7 19. Re1+ Kd7 20. Qh3+ f5 21. Qxf5# 1-0

[Event "Junior Online 4NCL Division 3"]
[Site "online"]
[Date "2021.03.04"]
[EventDate "2021.03.04"]
[Round "4.95"]
[White "Patel, Ishaan"]
[WhiteElo "1467"]
[WhiteTeam "The Hall 1"]
[Black "Bagga, Khushi"]
[BlackElo "1189"]
[BlackTeam "St John's College C"]
[Result "1-0"]
[PlyCount "79"]

1. e4 e5 2. Bc4 Bc5 3. Nc3 Nf6 4. d3 h6 5. Nf3 Nc6 6. Be3 Bxe3 7. fxe3 d6 8. O-O O-O 9. Nd5 Nxd5 10. Bxd5 Ne7 11. Bb3 Be6 12. Qe1 Bxb3 13. axb3 f6 14. Qg3 d5 15. exd5 Nxd5 16. e4 Nf4 17. Rae1 Qd6 18. Nh4 Qd4+ 19. Kh1 Qxb2 20. Nf5 Rf7 21. Nxh6+ Kf8 22. Nxf7 Kxf7 23. Rf2 Rh8 24. Ref1 c6 25. Rd1 Qd4 26. Rxf4 exf4 27. Qxf4 Qd7 28. Rf1 b5 29. e5 Qd8 30. Qe4 c5 31. e6+ Kf8 32. Ra1 Qb8 33. h3 b4 34. Qc6 Kg8 35. Qd7 Kh7 36. e7 Qa8 37. Rxa7 Qb8 38. e8=Q Rg8 39. Qxb8 Rxb8 40. Qxg7# 1-0

[Event "Junior Online 4NCL Division 3"]
[Site "online"]
[Date "2021.03.04"]
[EventDate "2021.03.04"]
[Round "4.96"]
[White "Pandit, Aaryan"]
[WhiteElo "1255"]
[WhiteTeam "St John's College C"]
[Black "Smolders, Thomas"]
[BlackElo "1330"]
[BlackTeam "The Hall 1"]
[Result "0-1"]
[PlyCount "80"]

1. d4 d5 2. Bf4 Bf5 3. e3 e6 4. Nf3 a6 5. c3 Nf6 6. Nbd2 Bd6 7. Bg3 Nc6 8. Ne5 Bxe5 9. dxe5 Nd7 10. f4 Qe7 11. Nf3 Qc5 12. Bf2 Qe7 13. Bd3 Bg4 14. h3 Bh5 15. g4 Bg6 16. Qc2 Bxd3 17. Qxd3 Nc5 18. Qc2 Ne4 19. Bh4 Qc5 20. Bf2 Na5 21. Nd2 Nxf2 22. Kxf2 Nc4 23. Rhe1 O-O-O 24. Nxc4 Qxc4 25. b3 Qc5 26. Rad1 h6 27. c4 g5 28. Qc3 gxf4 29. Kf3 h5 30. g5 fxe3 31. Rxe3 d4 32. b4 Qc6+ 33. Ke2 dxc3 34. Rxc3 Qg2+ 35. Ke1 Qg1+ 36. Ke2 Qxd1+ 37. Kf2 Qd2+ 38. Kg3 Qxc3+ 39. Kh2 Rd2+ 40. Kh1 Qc1# 0-1

[Event "Junior Online 4NCL Division 3"]
[Site "online"]
[Date "2021.03.04"]
[EventDate "2021.03.04"]
[Round "4.97"]
[White "Moser, Benjamin"]
[WhiteElo "1370"]
[WhiteTeam "The Hall 1"]
[Black "Kulkarni, Arnav"]
[BlackElo "1033"]
[BlackTeam "St John's College C"]
[Result "0-1"]
[PlyCount "58"]

1. d4 d5 2. Nf3 Nf6 3. Bf4 Bf5 4. e3 e6 5. Nbd2 Nc6 6. Bb5 Bd6 7. Ne5 O-O 8. Nxc6 bxc6 9. Bxc6 Rb8 10. Bxd6 Qxd6 11. Ba4 Rxb2 12. Bb3 Qb4 13. O-O c5 14. Qc1 Qc3 15. Re1 Ne4 16. Nxe4 Bxe4 17. Re2 c4 18. f3 cxb3 19. fxe4 bxa2 20. exd5 exd5 21. e4 dxe4 22. Rxe4 Rfb8 23. Kf2 Rxc2+ 24. Re2 Rxc1 25. Rxc1 Qxc1 26. Rxa2 Qf4+ 27. Ke2 Qxd4 28. Kf1 Qc4+ 29. Kf2 Qxa2+ 0-1

[Event "Junior Online 4NCL Division 3"]
[Site "online"]
[Date "2021.03.04"]
[EventDate "2021.03.04"]
[Round "4.101"]
[White "Miles, Jacob"]
[WhiteElo "777"]
[WhiteTeam "Leicestershire Juniors 5"]
[Black "Parizad, Anjal"]
[BlackElo "915"]
[BlackTeam "Leicestershire Juniors 4"]
[Result "0-1"]
[PlyCount "66"]

1. e4 e5 2. Nf3 Nf6 3. Bc4 Bc5 4. O-O O-O 5. h3 d6 6. d3 Nc6 7. Be3 Bxe3 8. fxe3 d5 9. exd5 Nxd5 10. e4 Ne3 11. Qe2 Nxf1 12. Qxf1 Nb4 13. a3 Nxc2 14. Ra2 Qe7 15. a4 Nb4 16. Ra3 Qc5+ 17. Kh1 Nc2 18. Rb3 Be6 19. Bxe6 fxe6 20. Rc3 Qb4 21. Qc1 Na1 22. Rc4 Qd6 23. Rxc7 Qxd3 24. Rc3 Qxe4 25. Rc4 Qe2 26. Rc2 Nxc2 27. Kh2 Rxf3 28. Nc3 Qf2 29. Ne4 Qh4 30. Nd2 Qg3+ 31. Kg1 Qf2+ 32. Kh2 Ne3 33. Nxf3 Qxg2# 0-1

[Event "Junior Online 4NCL Division 3"]
[Site "online"]
[Date "2021.03.04"]
[EventDate "2021.03.04"]
[Round "4.102"]
[White "Abraham, Lexi"]
[WhiteElo "970"]
[WhiteTeam "Leicestershire Juniors 4"]
[Black "Ryu, Siyoung"]
[BlackElo "790"]
[BlackTeam "Leicestershire Juniors 5"]
[Result "1-0"]
[PlyCount "53"]

1. e4 e5 2. Nf3 Nf6 3. Nc3 Nc6 4. Bc4 Bc5 5. O-O Ng4 6. d4 exd4 7. Nxd4 Nxd4 8. Qxg4 h5 9. Qxg7 Rf8 10. Nb5 Nxc2 11. Rb1 Qh4 12. h3 Bd6 13. Rd1 Qxe4 14. Nxd6+ cxd6 15. Bd5 Qf5 16. b3 a5 17. Rb2 Nb4 18. Re2+ Kd8 19. Be3 Nxd5 20. Qxf8+ Kc7 21. Qh6 Nxe3 22. Rxe3 Qc2 23. Ra1 Ra6 24. Ree1 Rc6 25. Rac1 Qd2 26. Rxc6+ bxc6 27. Qxd2 1-0

[Event "Junior Online 4NCL Division 3"]
[Site "online"]
[Date "2021.03.04"]
[EventDate "2021.03.04"]
[Round "4.103"]
[White "Gadhia, Sai"]
[WhiteElo "674"]
[WhiteTeam "Leicestershire Juniors 5"]
[Black "Dahi, Varad Prakash"]
[BlackElo "833"]
[BlackTeam "Leicestershire Juniors 4"]
[Result "0-1"]
[PlyCount "52"]

1. d4 e6 2. Nf3 Nc6 3. Nc3 Nf6 4. e4 Bb4 5. Qd2 O-O 6. a3 Bxc3 7. Qxc3 d5 8. Qb4 Nxb4 9. c3 Nc2+ 10. Kd2 Nxa1 11. b4 Nb3+ 12. Kd3 Nxc1+ 13. Ke3 dxe4 14. Ne5 Ng4+ 15. Kxe4 Nxe5 16. Kxe5 Qf6+ 17. Ke4 b6 18. g4 a5 19. bxa5 bxa5 20. a4 Qxf2 21. Rg1 Qxg1 22. h3 Qxf1 23. Ke3 Qxh3+ 24. Kf4 Ne2+ 25. Ke4 f5+ 26. Ke5 Qe3# 0-1

[Event "Junior Online 4NCL Division 3"]
[Site "online"]
[Date "2021.03.04"]
[EventDate "2021.03.04"]
[Round "4.104"]
[White "Jackson, Will"]
[WhiteElo "809"]
[WhiteTeam "Leicestershire Juniors 4"]
[Black "Morris, Conor"]
[BlackElo "598"]
[BlackTeam "Leicestershire Juniors 5"]
[Result "1-0"]
[PlyCount "103"]

1. d4 e5 2. dxe5 Qh4 3. g3 Qe4 4. f4 Qxh1 5. Nh3 Qxh2 6. Nf2 Qxg3 7. Nc3 Qg6 8. Nfe4 Bb4 9. Be3 Bxc3+ 10. Nxc3 Qg3+ 11. Bf2 Qxf4 12. Qd5 Qc1+ 13. Rxc1 Ne7 14. Qe4 Na6 15. Nd5 Nc5 16. Qc4 b6 17. Bxc5 Ba6 18. Qxa6 Nxd5 19. Qb7 Rd8 20. Qxd5 c6 21. Qc4 b5 22. Qb4 Ra8 23. Qa5 f5 24. Qa6 h5 25. Qb7 Kf7 26. Qxd7+ Kg6 27. Qxc6+ Kg5 28. Qxb5 h4 29. Qb3 h3 30. Bxh3 Rab8 31. Qe3+ Kh4 32. Bxa7 Ra8 33. Bd4 Ra4 34. Bc3 Rha8 35. Bxf5 R8a5 36. Bxa5 Rg4 37. Bxg4 Kxg4 38. e6 Kh4 39. e7 Kh5 40. e8=R Kg6 41. Qf3 Kg5 42. Qb3 Kg4 43. Rd1 Kf4 44. Rd3 Kf5 45. Rg8 Kf4 46. Rc3 Kf5 47. Rxg7 Kf4 48. Re7 Kf5 49. Rf3+ Kg4 50. Rf8 Kg5 51. Rg7+ Kh4 52. Rh8# 1-0

[Event "Junior Online 4NCL Division 3"]
[Site "online"]
[Date "2021.03.04"]
[EventDate "2021.03.04"]
[Round "4.105"]
[White "Parizad, Anjal"]
[WhiteElo "915"]
[WhiteTeam "Leicestershire Juniors 4"]
[Black "Miles, Jacob"]
[BlackElo "777"]
[BlackTeam "Leicestershire Juniors 5"]
[Result "0-1"]
[PlyCount "78"]

1. e4 e5 2. Nf3 Nf6 3. Bc4 Bc5 4. Nxe5 Nxe4 5. Nxf7 Nxf2 6. Qe2+ Qe7 7. Nxh8 Nxh1 8. Qxe7+ Kxe7 9. Nf7 Bf2+ 10. Ke2 Kf8 11. Nc3 c6 12. d3 d5 13. Bb3 Kxf7 14. Bg5 h6 15. Bf4 Bg4+ 16. Kd2 g5 17. Bg3 h5 18. h4 gxh4 19. Bxh4 Bxh4 20. Na4 Bg5+ 21. Kc3 h4 22. Nc5 Ng3 23. Re1 Na6 24. Nxb7 Rf8 25. Nd6+ Kg6 26. a4 Rf2 27. d4 Rxg2 28. Re8 h3 29. Rg8+ Kh5 30. Nf7 Bf3 31. Rxg5+ Kh4 32. Rg6 Ne4+ 33. Kd3 Rxg6 34. Ne5 h2 35. Nxg6+ Kh3 36. Nf4+ Kg3 37. Ng6 h1=Q 38. c4 Nf2+ 39. Ke3 Qe1# 0-1

[Event "Junior Online 4NCL Division 3"]
[Site "online"]
[Date "2021.03.04"]
[EventDate "2021.03.04"]
[Round "4.107"]
[White "Dahi, Varad Prakash"]
[WhiteElo "833"]
[WhiteTeam "Leicestershire Juniors 4"]
[Black "Gadhia, Sai"]
[BlackElo "674"]
[BlackTeam "Leicestershire Juniors 5"]
[Result "1-0"]
[PlyCount "93"]

1. e4 e5 2. Nf3 Nc6 3. Bc4 Nf6 4. Nc3 Bb4 5. Ng5 Rg8 6. Bxf7+ Kf8 7. Bxg8 Kxg8 8. O-O h6 9. Nf3 d6 10. Nd5 Bg4 11. Nxb4 Nxb4 12. h3 Bxf3 13. Qxf3 c5 14. c3 c4 15. cxb4 b5 16. b3 Rc8 17. Rd1 Rc7 18. d3 h5 19. dxc4 bxc4 20. Bg5 Kf7 21. Bxf6 Qxf6 22. Qxf6+ Kxf6 23. bxc4 Rxc4 24. Rab1 Rxe4 25. Re1 Rd4 26. Red1 Re4 27. f3 Rc4 28. b5 Rc8 29. Rxd6+ Ke7 30. Rg6 Rg8 31. Ra6 Ra8 32. b6 axb6 33. Rxa8 b5 34. Rxb5 Kd6 35. Rba5 h4 36. Rb8 Kc7 37. Rg8 Kd6 38. Rxg7 Ke6 39. Ra6+ Kd5 40. a4 e4 41. fxe4+ Kxe4 42. Rg4+ Ke5 43. Ra5+ Ke6 44. Rg6+ Ke7 45. Rb6 Kf7 46. Ra7+ Kg8 47. Rb8# 1-0

[Event "Junior Online 4NCL Division 3"]
[Site "online"]
[Date "2021.03.04"]
[EventDate "2021.03.04"]
[Round "4.111"]
[White "Nagar, Nikunj"]
[WhiteElo "658"]
[WhiteTeam "East Kilbride Bishops"]
[Black "Oh, Julie"]
[BlackElo "1442"]
[BlackTeam "JHJ Shark Tank 4"]
[Result "0-1"]
[PlyCount "80"]

1. e4 c5 2. Nf3 e6 3. Bc4 a6 4. a4 Qc7 5. d3 Be7 6. Nc3 Nc6 7. Be3 Nf6 8. O-O b6 9. Qd2 h6 10. Rfe1 Bb7 11. Ne2 g5 12. d4 Nxe4 13. Qd3 Nf6 14. dxc5 bxc5 15. Nc3 d5 16. Bxa6 Bxa6 17. Nb5 Qb7 18. Bd2 c4 19. Qe2 Ne4 20. Bc3 Bxb5 21. Bxh8 Rxa4 22. Rxa4 Bxa4 23. c3 Bb3 24. Ne5 Nxe5 25. Bxe5 f6 26. Bd4 e5 27. Be3 f5 28. Qh5+ Kd7 29. f3 Nf6 30. Qxh6 f4 31. Bd2 Ne8 32. Qh3+ Kd6 33. Qh6+ Kd7 34. Rxe5 Qc7 35. Qe6+ Kd8 36. Rxd5+ Nd6 37. Qg8+ Kd7 38. Be1 Qa7+ 39. Bf2 Qa1+ 40. Be1 Qxe1# 0-1

[Event "Junior Online 4NCL Division 3"]
[Site "online"]
[Date "2021.03.04"]
[EventDate "2021.03.04"]
[Round "4.112"]
[White "Groot Wassink, Emma"]
[WhiteElo "1428"]
[WhiteTeam "JHJ Shark Tank 4"]
[Black "Roul, Tushar"]
[BlackElo "395"]
[BlackTeam "East Kilbride Bishops"]
[Result "0-1"]
[PlyCount "110"]

1. e4 d5 2. exd5 Nf6 3. c4 e6 4. Nc3 exd5 5. cxd5 Nxd5 6. Nxd5 Qxd5 7. Nf3 Nc6 8. b3 Bg4 9. Be2 Bxf3 10. Bxf3 Qe5+ 11. Qe2 Qxe2+ 12. Bxe2 O-O-O 13. O-O Bb4 14. d3 Bc5 15. Bb2 Bd4 16. Rab1 f5 17. Bf3 Bxb2 18. Rxb2 Rxd3 19. Bxc6 bxc6 20. Re1 Rhd8 21. h3 g6 22. Rc2 Rd1 23. Rxd1 Rxd1+ 24. Kh2 Kd7 25. Kg3 h6 26. Kf4 Rd4+ 27. Ke5 Rd5+ 28. Kf6 Rd6+ 29. Ke5 Re6+ 30. Kf4 Re4+ 31. Kg3 f4+ 32. Kf3 Rd4 33. h4 g5 34. hxg5 hxg5 35. Kg4 Rd5 36. f3 Kd6 37. g3 fxg3 38. Kxg3 c5 39. f4 gxf4+ 40. Kxf4 Rd4+ 41. Ke3 Kd5 42. Ke2 c4 43. Ke3 Re4+ 44. Kd2 c5 45. bxc4+ Rxc4 46. Rb2 a5 47. Rb5 Ra4 48. Rb2 Kd4 49. Kc2 c4 50. Kb1 Rb4 51. Rxb4 axb4 52. Kc2 Ke3 53. Kb2 Kd2 54. Kb1 c3 55. a3 c2+ 0-1

[Event "Junior Online 4NCL Division 3"]
[Site "online"]
[Date "2021.03.04"]
[EventDate "2021.03.04"]
[Round "4.113"]
[White "Narasimhan, Srivathsan"]
[WhiteElo "410"]
[WhiteTeam "East Kilbride Bishops"]
[Black "Hatem, Mika"]
[BlackElo "1369"]
[BlackTeam "JHJ Shark Tank 4"]
[Result "0-1"]
[PlyCount "130"]

1. e4 e5 2. Nf3 Nc6 3. Nc3 Nf6 4. d4 exd4 5. Nxd4 Bb4 6. Nxc6 bxc6 7. Bd3 d6 8. O-O O-O 9. Bd2 Bxc3 10. Bxc3 Be6 11. e5 dxe5 12. Bxe5 Re8 13. Bxf6 Qxf6 14. Re1 Qxb2 15. Rb1 Qxa2 16. Rb7 Qd5 17. Rxc7 a5 18. Be4 Qxd1 19. Rxd1 Bd5 20. Bxd5 cxd5 21. Rd7 Rad8 22. Rxd8 Rxd8 23. Kf1 Kf8 24. Ke2 Ke7 25. Kd3 Ke6 26. Kc3 Ra8 27. Kb3 a4+ 28. Ka3 Ke5 29. Ra1 Rc8 30. Kb4 Rxc2 31. Kxa4 Rxf2 32. Kb3 Rxg2 33. Kc3 Rxh2 34. Re1+ Kd6 35. Kd4 Rh4+ 36. Kd3 Re4 37. Rh1 h6 38. Rf1 f6 39. Rg1 g5 40. Rf1 Rf4 41. Rh1 Rh4 42. Ra1 h5 43. Ra6+ Ke5 44. Ra2 Rd4+ 45. Ke3 Re4+ 46. Kd3 h4 47. Rc2 f5 48. Rf2 Rd4+ 49. Ke3 Re4+ 50. Kd3 g4 51. Rf1 h3 52. Rh1 Kf4 53. Rf1+ Kg5 54. Rg1 f4 55. Rf1 g3 56. Rg1 h2 57. Ra1 Kg4 58. Rh1 Kh3 59. Ra1 g2 60. Kd2 h1=Q 61. Rxh1+ gxh1=Q 62. Kd3 Qf1+ 63. Kc3 Qc4+ 64. Kd2 Re2+ 65. Kd1 Qc2# 0-1

[Event "Junior Online 4NCL Division 3"]
[Site "online"]
[Date "2021.03.04"]
[EventDate "2021.03.04"]
[Round "4.114"]
[White "Burrill, Edoardo"]
[WhiteElo "1383"]
[WhiteTeam "JHJ Shark Tank 4"]
[Black "Bhattacharjee, Aaditya"]
[BlackElo "250"]
[BlackTeam "East Kilbride Bishops"]
[Result "1-0"]
[PlyCount "52"]

1. e4 e5 2. Bc4 Nc6 3. Nf3 Nf6 4. Ng5 Bc5 5. Qf3 O-O 6. d3 Nd4 7. Qd1 d5 8. exd5 h6 9. Nf3 Bg4 10. Nbd2 Nxd5 11. c3 Nxf3+ 12. Nxf3 Re8 13. h3 Bxf3 14. Qxf3 Nf6 15. O-O Qd7 16. a3 a5 17. Be3 Ba7 18. b4 axb4 19. axb4 b5 20. Bd5 Nxd5 21. Rxa7 Nxe3 22. Qxe3 Rxa7 23. Qxa7 Qxd3 24. Qc5 Qd6 25. Qxb5 Qb6 26. Qxe8+ Kh7 1-0

[Event "Junior Online 4NCL Division 3"]
[Site "online"]
[Date "2021.03.04"]
[EventDate "2021.03.04"]
[Round "4.115"]
[White "Oh, Julie"]
[WhiteElo "1442"]
[WhiteTeam "JHJ Shark Tank 4"]
[Black "Nagar, Nikunj"]
[BlackElo "658"]
[BlackTeam "East Kilbride Bishops"]
[Result "1-0"]
[PlyCount "113"]

1. e4 e5 2. Nf3 Nc6 3. Nc3 Nf6 4. Bb5 a6 5. Bxc6 dxc6 6. Nxe5 Qe7 7. Nf3 Nxe4 8. O-O Bd7 9. Nxe4 O-O-O 10. Re1 Be6 11. Neg5 h6 12. Nxe6 fxe6 13. Qe2 Rd6 14. b3 g6 15. Ba3 Bg7 16. Rad1 g5 17. Bxd6 cxd6 18. Qxe6+ Qxe6 19. Rxe6 Kd7 20. Rde1 Bf8 21. c4 Rh7 22. d3 g4 23. Nd4 Rf7 24. f3 gxf3 25. Nxf3 c5 26. Re8 Be7 27. R8xe7+ Rxe7 28. Rxe7+ Kxe7 29. d4 Kd7 30. dxc5 dxc5 31. Kf2 Ke6 32. Ke3 Kf5 33. a3 b6 34. b4 cxb4 35. axb4 a5 36. bxa5 bxa5 37. Nd4+ Ke5 38. Nc6+ Kd6 39. Nxa5 Kc5 40. Ke4 Kb4 41. Kf5 Kxa5 42. Kg6 Kb4 43. Kxh6 Kxc4 44. g4 Kd5 45. g5 Ke6 46. Kh7 Kf5 47. g6 Kf6 48. g7 Ke7 49. g8=Q Kd7 50. Qg5 Kc8 51. Qe7 Kb8 52. Kg6 Ka8 53. Kf6 Kb8 54. Ke6 Ka8 55. Kd6 Kb8 56. Kc6 Ka8 57. Qb7# 1-0